000 00451nam a22001817a 4500
003 CEME
005 20210628204028.0
008 210104b xxu||||| |||| 00| 0 eng d
020 _a9693524381
040 _c.
082 _a891.4393 ABD
100 _aAbdaal Bela
_910299
245 _aSain bagu shah
260 _aLAHORE
_bSANG-E-MEEL PUB
_c2011
300 _a416P
650 _aURDU ADAB-NOVEL.URDU LITERATURE-FICTION.
_968335
942 _cBK
_2ddc
999 _c575936
_d575936